EBC Songtal dorcas golden jubilee 1949-1999 souvenir (Record no. 7742)

MARC details
000 -LEADER
fixed length control field 00361nam a22001457a 4500
003 - CONTROL NUMBER IDENTIFIER
control field GBCCL
005 - DATE AND TIME OF LATEST TRANSACTION
control field 20241126110635.0
008 - FIXED-LENGTH DATA ELEMENTS--GENERAL INFORMATION
fixed length control field 180914b ||||| |||| 00| 0 eng d
040 ## - CATALOGING SOURCE
Transcribing agency gbc
082 ## - DEWEY DECIMAL CLASSIFICATION NUMBER
Classification number SOU EBC
Item number 1999
245 ## - TITLE STATEMENT
Title EBC Songtal dorcas golden jubilee 1949-1999 souvenir
260 ## - PUBLICATION, DISTRIBUTION, ETC.
Date of publication, distribution, etc. 1999
Place of publication, distribution, etc. Songtal :
Name of publisher, distributor, etc. EBCC,
300 ## - PHYSICAL DESCRIPTION
Extent 36pages
942 ## - ADDED ENTRY ELEMENTS (KOHA)
Source of classification or shelving scheme Dewey Decimal Classification
Koha item type Archives
Holdings
Withdrawn status Lost status Source of classification or shelving scheme Damaged status Not for loan Home library Current Library Shelving location Date acquired Total checkouts Full call number Barcode Date last seen Copy number Price effective from Koha item type
    Dewey Decimal Classification     GRACE BIBLE COLLEGE GRACE BIBLE COLLEGE Archives 2018-09-14   SOU EBC 1999 250133 2025-05-01 c.1 2018-09-14 Archives
    Dewey Decimal Classification     GRACE BIBLE COLLEGE GRACE BIBLE COLLEGE Archives 2018-09-14   SOU EBC 1999 250134 2025-05-01 c.2 2018-09-14 Archives
    Dewey Decimal Classification     GRACE BIBLE COLLEGE GRACE BIBLE COLLEGE Archives 2022-04-14   SOU EBC 1999 250232 2025-05-01 c.3 2022-04-14 Archives
    Dewey Decimal Classification     GRACE BIBLE COLLEGE GRACE BIBLE COLLEGE Archives 2022-04-14   SOU EBC 1999 250234 2025-05-01 c.4 2022-04-14 Archives
    Dewey Decimal Classification     GRACE BIBLE COLLEGE GRACE BIBLE COLLEGE Archives 2022-04-14   SOU EBC 1999 250235 2024-05-24 c.5 2022-04-14 Archives
    Dewey Decimal Classification     GRACE BIBLE COLLEGE GRACE BIBLE COLLEGE Archives 2022-04-14   SOU EBC 1999 250236 2025-05-01 c.6 2022-04-14 Archives
    Dewey Decimal Classification     GRACE BIBLE COLLEGE GRACE BIBLE COLLEGE Archives 2022-04-14   SOU EBC 1999 250237 2025-05-01 c.7 2022-04-14 Archives
    Dewey Decimal Classification     GRACE BIBLE COLLEGE GRACE BIBLE COLLEGE Archives 2022-04-14   SOU EBC 1999 250238 2025-05-01 c.8 2022-04-14 Archives
    Dewey Decimal Classification     GRACE BIBLE COLLEGE GRACE BIBLE COLLEGE Archives 2022-04-14   SOU EBC 1999 250239 2025-05-01 c.9 2022-04-14 Archives
    Dewey Decimal Classification     GRACE BIBLE COLLEGE GRACE BIBLE COLLEGE Archives 2022-04-14   SOU EBC 1999 250240 2025-05-01 c.10 2022-04-14 Archives
© Grace Bible College Library 2025